Don Quijote de la Mancha : (Registro nro. 10370)
[ vista simple ]
| 000 -CABECERA | |
|---|---|
| Longitud fija campo de control | 01007nam a2200253 4500 |
| 003 - • IDENTIFICADOR DELl NÚMERO DE CONTROL | |
| Identificador del número de control | CO-ViMGA |
| 020 ## - • NÚMERO INTERNACIONAL NORMALIZADO PARA LIBROS | |
| Número Internacional Normalizado para Libros (ISBN) | 9789588959054 |
| 040 ## - FUENTE DE LA CATALOGACIÓN | |
| Centro catalogador de origen | CO-ViMGA |
| Lengua de catalogación | spa |
| Centro transcriptor | CO-ViMGA |
| 100 1# - • PUNTO DE ACCESO PRINCIPAL-NOMBRE DE PERSONA | |
| Nombre de persona | Cervantes Saavedra, Miguel de, |
| 245 10 - • TITULO PROPIAMENTE DICHO | |
| Título | Don Quijote de la Mancha : |
| Resto del título | capítulos I y VIII / |
| Mención de responsabilidad, etc. | Miguel de Cervantes Saavedra ; editor Iván Hernández ; ilustrador Rafael Yockteng |
| 250 ## - • MENCIÓN DE EDICIÓN | |
| Mención de edición | Edición especial para el Ministerio de Cultura |
| 300 ## - • DESCRIPCIÓN FÍSICA | |
| Extensión | 31 páginas : |
| Otras características físicas | ilustraciones en color ; 27 cm |
| 490 0# - • MENCIÓN DE SERIE | |
| Mención de serie | Leer es mi cuento ; 13 |
| 650 14 - • PUNTO DE ACCESO ADICIONAL DE MATERIA - TÉRMINO DE MATERIA | |
| Término de materia o nombre geográfico como elemento inicial | Historias De Aventuras; |
| 650 14 - • PUNTO DE ACCESO ADICIONAL DE MATERIA - TÉRMINO DE MATERIA | |
| Término de materia o nombre geográfico como elemento inicial | Caballeros y Caballeria En La Literatura; |
| 650 14 - • PUNTO DE ACCESO ADICIONAL DE MATERIA - TÉRMINO DE MATERIA | |
| Término de materia o nombre geográfico como elemento inicial | Cervantes Saavedra, Miguel De, 1547-1616 ; |
| 650 14 - • PUNTO DE ACCESO ADICIONAL DE MATERIA - TÉRMINO DE MATERIA | |
| Término de materia o nombre geográfico como elemento inicial | Literatura Española - 1500-1700; |
| 650 14 - • PUNTO DE ACCESO ADICIONAL DE MATERIA - TÉRMINO DE MATERIA | |
| Término de materia o nombre geográfico como elemento inicial | Novela Española - 1500-1700; |
| 700 1# - • PUNTO DE ACCESO ADICIONAL - NOMBRE DE PERSONA | |
| Nombre de persona | Hernández, Iván, editor ; |
| 700 1# - • PUNTO DE ACCESO ADICIONAL - NOMBRE DE PERSONA | |
| Nombre de persona | Yockteng, Rafael, ilustrador |
| 942 ## - ENTRADA DE ELEMENTOS AGREGADOS (KOHA) | |
| Fuente de clasificaión o esquema | Dewey Decimal Classification |
| Koha [por defecto] tipo de item | LIbro |
| Perdido | Fuente de clasificación o esquema | Estado Físico | No para préstamo | Forma de adquisición | Localización permanente | Localización actual | Fecha adquisición | Préstamos totales | Signatura completa | Código de barras | Fecha última consulta | Número de copia | Fecha del precio de reemplazo | Tipo de item de Koha | Localización en estanterías |
|---|---|---|---|---|---|---|---|---|---|---|---|---|---|---|---|
| Dewey Decimal Classification | Infantil | Biblioteca Pública San Carlos de Guaroa - Eduardo Carranza | Biblioteca Pública San Carlos de Guaroa - Eduardo Carranza | 12/03/2025 | N CER3 | SG04402 | 12/03/2025 | Ej.1 | 12/03/2025 | LIbro | Sala Infantil | ||||
| Dewey Decimal Classification | Infantil | Biblioteca Pública San Carlos de Guaroa - Eduardo Carranza | Biblioteca Pública San Carlos de Guaroa - Eduardo Carranza | 12/03/2025 | N CER3 | SG04403 | 12/03/2025 | Ej.1 | 12/03/2025 | LIbro | Sala Infantil | ||||
| Dewey Decimal Classification | Sala General | Biblioteca Barrio Emporio - Villavicencio | Biblioteca Barrio Emporio - Villavicencio | 03/31/2017 | N CER3 | 031746 | 03/31/2017 | Ej. 1 | 03/31/2017 | LIbro | |||||
| Dewey Decimal Classification | Sala General | Biblioteca Barrio Porfia - Villavicencio | Biblioteca Barrio Porfia - Villavicencio | 03/31/2017 | N CER3 | 032221 | 06/15/2017 | Ej. 1 | 06/15/2017 | LIbro | |||||
| Dewey Decimal Classification | Sala General | Biblioteca Comunitaria - Villavicencio | Biblioteca Comunitaria - Villavicencio | 03/31/2017 | N CER3 | 032222 | 06/15/2017 | Ej. 1 | 06/15/2017 | LIbro | |||||
| Dewey Decimal Classification | Sala Infantil Segundo Piso | Biblioteca Pública Germán Arciniegas - Villavicencio | Biblioteca Pública Germán Arciniegas - Villavicencio | 03/31/2017 | N CER3 | 032223 | 06/15/2017 | Ej. 1 | 06/15/2017 | LIbro | |||||
| Dewey Decimal Classification | Infantil | Biblioteca Pública Granada - Boca del Monte | Biblioteca Pública Granada - Boca del Monte | 07/23/2025 | GRDA00163 | 07/23/2025 | Ej.1 | 07/23/2025 | LIbro | Sala Infantil | |||||
| Dewey Decimal Classification | Sala General | Biblioteca Pública Mapiripan | Biblioteca Pública Mapiripan | 01/11/2024 | N CER3 | MAP00001770 | 01/11/2024 | Ej.1 | 01/11/2024 | LIbro | Literatura |